| 000 | 00897nam a22003017a 4500 | ||
|---|---|---|---|
| 001 | 00746 | ||
| 003 | DO-SdBNP | ||
| 005 | 20180117113608.0 | ||
| 007 | 00746 | ||
| 008 | 151015b 2000 sp ||||| |||| 00| 0 spa d | ||
| 020 | _a842610911X | ||
| 040 |
_aBPMSU _bspa _cBPMSU |
||
| 092 |
_axxxxxxx _bxxxxxxx |
||
| 100 | 1 | 4 |
_aBlyton, Enid, _d1896-1968 |
| 240 | _a Five on a secret trail / | ||
| 245 |
_aLos cinco tras el pasadizo secreto / _c Enid Blyton ; traducción Antonio de Quadras ; ilustraciones de Enrique Ventura. |
||
| 250 | _a16a ed. | ||
| 260 |
_aBarcelona : _bJuventud, _c2000 |
||
| 300 |
_a157 p.: _bil., _c20 cm. |
||
| 440 | _v | ||
| 490 |
_aLos cinco _v15 |
||
| 700 | 1 | 0 |
_aVentura, Enrique, _eil. |
| 700 | 1 | 0 |
_aQuadras, Antonio de, _etr. |
| 830 |
_aLos cinco _v15 |
||
| 942 |
_2ddc _cBK |
||
| 945 | _aInventariado, 2018 / YL | ||
| 956 |
_aYLOCKWARD _b10 _cBPMSU _d20161019 |
||
| 999 |
_c9596 _d9596 |
||